|
|
|
|
| LEADER |
00000nam0a2200000 4500 |
| 001 |
211654 |
| 005 |
20231101225709.0 |
| 035 |
|
|
|a (RuTPU)RU\TPU\book\231222
|
| 090 |
|
|
|a 211654
|
| 100 |
|
|
|a 20120316d1960 km y0rusy50 ca
|
| 101 |
0 |
|
|a rus
|
| 102 |
|
|
|a RU
|
| 105 |
|
|
|a a z 001zy
|
| 200 |
1 |
|
|a Пелециподы с р. Куваш в Горном Алтае
|f Л. Л. Халфин
|g Томский политехнический университет (ТПУ), Кафедра исторической геологии и палеонтологии
|
| 210 |
|
|
|a Томск
|d 1960
|
| 215 |
|
|
|a 57 с.
|c ил.
|
| 320 |
|
|
|a Библиогр.: с. 45-49.
|
| 606 |
1 |
|
|a Палеонтология
|y Азиатская часть РСФСР
|2 stltpush
|3 (RuTPU)RU\TPU\subj\47999
|9 66881
|
| 610 |
1 |
|
|a палеобиология
|
| 610 |
1 |
|
|a палеоботаника
|
| 610 |
1 |
|
|a пелециподы
|
| 610 |
1 |
|
|a исследование
|
| 610 |
1 |
|
|a Алтай
|
| 675 |
|
|
|a 56(571)
|v 3
|
| 700 |
|
1 |
|a Халфин
|b Л. Л.
|
| 712 |
0 |
2 |
|a Томский политехнический университет (ТПУ)
|b Кафедра исторической геологии и палеонтологии
|c (1991-2009)
|2 stltpush
|3 (RuTPU)RU\TPU\col\376
|
| 801 |
|
1 |
|a RU
|b 63413507
|c 20120316
|
| 801 |
|
2 |
|a RU
|b 63413507
|c 20121127
|g RCR
|
| 942 |
|
|
|c BK
|